000
00513nam a2200181Ia 4500
008
090124s9999 xx 000 0 und d
082
_b
121396
100
_a
मंगेशकर गीता
245
_a
ऱ्हदय शून्य
250
_a
1
260
_c
1986
300
_a
192
600
_a
मंगेशकर गीता
630
_a
ऱ्हदय शून्य
700
_a
मंगेशकर गीता
730
_a
ऱ्हदय शून्य
942
_c
BOOK
999
_c
167482
_d
167482